Ekonomi wang dan urusan bank / (Record no. 1702)

000 -LEADER
fixed length control field nam a22 a 4500
003 - CONTROL NUMBER IDENTIFIER
control field AKMAL
005 - DATE AND TIME OF LATEST TRANSACTION
control field 20170511142221.0
008 - FIXED-LENGTH DATA ELEMENTS--GENERAL INFORMATION
fixed length control field 170511s1991 myw a00 may d
020 ## - INTERNATIONAL STANDARD BOOK NUMBER
International Standard Book Number 9836221573 (kkt.):
Terms of availability RM 32.00
040 ## - CATALOGING SOURCE
Original cataloging agency AKMAL
Transcribing agency AKMAL
041 ## - LANGUAGE CODE
Language code of text/sound track or separate title may
049 ## - LOCAL HOLDINGS (OCLC)
Holding library mal
082 04 - DEWEY DECIMAL CLASSIFICATION NUMBER
Classification number 332.1 GOL
090 ## - LOCALLY ASSIGNED LC-TYPE CALL NUMBER (OCLC); LOCAL CALL NUMBER (RLIN)
Classification number (OCLC) (R) ; Classification number, CALL (RLIN) (NR) 332.1
Local cutter number (OCLC) ; Book number/undivided call number, CALL (RLIN) GOL
090 ## - LOCALLY ASSIGNED LC-TYPE CALL NUMBER (OCLC); LOCAL CALL NUMBER (RLIN)
Classification number (OCLC) (R) ; Classification number, CALL (RLIN) (NR) 332.1
Local cutter number (OCLC) ; Book number/undivided call number, CALL (RLIN) GOL
100 ## - MAIN ENTRY--PERSONAL NAME
Personal name Goldfeld, Stephen M.
9 (RLIN) 3507
245 1# - TITLE STATEMENT
Title Ekonomi wang dan urusan bank /
Statement of responsibility, etc. Stephen M. Goldfeld ,Lester V. Chandler ; penterjemah Nazlifa Md. Ali, Nailul Murad Mohd. Nor
260 ## - PUBLICATION, DISTRIBUTION, ETC.
Place of publication, distribution, etc. Kuala Lumpur :
Name of publisher, distributor, etc. Dewan Bahasa dan Pustaka,
Date of publication, distribution, etc. 1991
300 ## - PHYSICAL DESCRIPTION
Extent xii, 707ms. ;
Dimensions 24cm
500 ## - GENERAL NOTE
General note Terjemahan dari: The Economics of money and banking, 4th ed. Harper and Row Publishers, 1986
504 ## - BIBLIOGRAPHY, ETC. NOTE
Bibliography, etc. note Mengandungi rujukan bibliografi
650 ## - SUBJECT ADDED ENTRY--TOPICAL TERM
Topical term or geographic name entry element Banks and banking
9 (RLIN) 3508
700 1# - ADDED ENTRY--PERSONAL NAME
Personal name Chandler, Lester Vernon,
Dates associated with a name 1905-
9 (RLIN) 3509
700 0# - ADDED ENTRY--PERSONAL NAME
Personal name Nazlifa Md. Ali
9 (RLIN) 3390
700 0# - ADDED ENTRY--PERSONAL NAME
Personal name Nailul Murad Mohd. Nor
9 (RLIN) 3510
942 ## - ADDED ENTRY ELEMENTS (KOHA)
Source of classification or shelving scheme
Koha item type Book
Holdings
Withdrawn status Lost status Source of classification or shelving scheme Damaged status Not for loan Collection code Home library Current library Date acquired Inventory number Total Checkouts Full call number Barcode Date last seen Price effective from Koha item type
          NON-FICTION AKMAL Melaka AKMAL Melaka 11.05.2017 302205   332.1 GOL 201705459 11.05.2017 11.05.2017 Book
Pusat Sumber Maklumat Dato' Haji Sarmin Md Hussin, Akademi Kastam Diraja Malaysia, Melaka
Tel: 06-2331106 | Faks: 06-2313787